Quel État américain suis-je - Statistiques

Statistiques générales
  • Ce quiz a été pris 95 fois
  • Le résultat moyen est 7 sur 12
Statistiques - réponses
Question Réponse % Correct
Je suis l'État américain le plus peuplé Californie
89%
Je suis le seul État américain dont la plupart des habitants vivent sur des îles Hawaii
88%
Je suis du Wyoming
87%
J'ai la ville la plus peuplée des États-Unis New York
81%
Je suis l'État américain le plus proche de l'Europe sur le continent américain Maine
68%
Je suis le seul État américain à avoir fait partie des Confédérés pendant la guerre civile américaine Virginia
68%
Je suis le plus grand état américain Alaska
65%
Je suis le seul État américain doublement enclavé Nebraska
37%
Je suis l'État le plus au sud des États-Unis Hawaii
34%
Je suis l'État américain qui a la plus forte densité de population New Jersey
26%
Ma capitale n'est pas Pierre, Augusta, Helena Dakota du Nord
18%
Je suis l'État américain le plus proche de l'Afrique Maine
12%
Aucun quiz correspondant
Distribution des résultats
% des personnes avec chaque résultat
Percentile par nombre de réponses
Votre historique - résultats
Vous n’avez pas pris ce quiz